Mae West /

Guardado en:
Detalles Bibliográficos
Autor principal: Bavar, Michael (Autor)
Otros Autores: Sennett, Ted
Formato: Libro
Lenguaje:italiano
Publicado: Milano : Milano libri, 1977
Colección:Storia illustrata del cinema
Materias:
Etiquetas: Agregar Etiqueta
Sin Etiquetas, Sea el primero en etiquetar este registro!

MARC

LEADER 00000nam a2200000 i 4500
001 IT\ICCU\RAV\0157205
003 ItRI
005 20260115232325.0
008 910917s1977 it |||||| ||||| |||||c
015 |2 IT  |a 79815 
040 |b ita  |c importazione bologna sebina 
041 7 |a ita  |2 ISO-639-2 
082 |a 927.92  |9 BIOGRAFIA. ATTORI  |2 18 
100 1 |a Bavar, Michael  |0 IT\ICCU\RAVV\063752  |4 aut 
240 1 0 |a Mae West. -  |3 IT\ICCU\RAV\0157207  |9 Bavar, Michael 
245 1 0 |a Mae West /  |c di Michael Bavar ; a cura di Ted Sennett. 
260 |a Milano :  |b Milano libri,  |c 1977 
300 |a 158 p. :  |b ill. ;  |c 20 cm 
650 7 |a West, Mae 
700 1 |a Sennett, Ted  |0 IT\ICCU\CFIV\093451 
830 0 |a Storia illustrata del cinema  |0 IT\ICCU\CFI\0162592 
942 |2 ddc  |c BK  |n 0 
952 |0 0  |1 0  |4 0  |6 DOC_791_430000000000000_BAV  |7 0  |9 24203  |a BO  |b BO  |d 2026-01-15  |i 2627  |l 0  |o DOC 791.430 BAV  |p BO2627  |r 2026-01-15 23:23:25  |w 2026-01-15  |x [Sebina 5] [1 v.]  |y BK  |z 1 v. 
999 |c 20604  |d 20604